Welcome to the Holygrace Academy Library

Please use search bar below to get started

GANDHI CHILA ANUBHAVA KATHAKAL (Record no. 9067)

MARC details
000 -LEADER
fixed length control field 00351nam a22001337a 4500
082 ## - DEWEY DECIMAL CLASSIFICATION NUMBER
Classification number 894.812
Item number RAV/G
100 ## - MAIN ENTRY--AUTHOR NAME
Personal name RAVINDRA VARMA,G
245 ## - TITLE STATEMENT
Title GANDHI CHILA ANUBHAVA KATHAKAL
246 ## - VARYING FORM OF TITLE
Title proper/short title GANDHI CHILA ANUBHAVA KATHAKAL
Remainder of title GANDHI CHILA ANUBHAVA KATHAKAL
260 ## - PUBLICATION, DISTRIBUTION, ETC. (IMPRINT)
Place of publication COCHIN
Name of publisher POORNODHAYA
Year of publication 2004
300 ## - PHYSICAL DESCRIPTION
Number of Pages 184
650 ## - SUBJECT ADDED ENTRY--TOPICAL TERM
Topical Term MALAYALAM
942 ## - ADDED ENTRY ELEMENTS (KOHA)
Koha item type Books
Holdings
Withdrawn status Lost status Collection code Home library Current library Shelving location Date acquired Source of acquisition Cost, normal purchase price Full call number Accession Number Koha item type
    Non-fiction Main Library Main Library NEW SHELF WITH NEW ENTRY 06/02/2025 COTRIBUTION 30.00 894.812 RAV/G 13790 Books